000 01420nam a2200337 a 4500
005 20160213125443.0
008 160213s2007 ck abdofr|||| 000 0 spa d
020 _a9789588272412
040 _aCO-BoIAVH
_cCO-BoIAVH
041 0 _aspa
044 _ack
082 0 4 _a333.7317
_bC17z
100 1 _aCamargo García, Juan Carlos
245 1 0 _aZonificación detallada del recurso guadua en el eje cafetero, Tolima y Valle del Cauca :
_bMunicipios piloto del proyecto manejo sostenible de bosques en Colombia (Guía metodológica y resultados)
260 _aPereira :
_bUniversidad Tecnológica de Pereira :
_bCorporación Autónoma Regional de Risaralda :
_bUAESPNN :
_bCORTOLIMA :
_bCorporación Autónoma Regional del Valle del Cauca,
_c2007.
300 _a143 páginas :
_bIlustraciones ( algunas a color) , mapas, gráficos, fotografías ;
_c28 x 22 cm.
650 1 6 _aZonificación forestal
650 2 6 _aGuadua
650 2 6 _aPlanes de desarrollo
650 2 6 _aEvaluación de tierras
662 _aColombia
_bRisaralda
662 _aColombia
_bQuindío
662 _aColombia
_bValle del Cauca
662 _aColombia
_bCaldas
662 _aColombia
_bTolima
700 1 _aDossman Gil, Miguel Angel
700 1 _aCardona Aguirre, Gustavo
700 1 _aGarcía Sierra, Jorge Hugo
700 1 _aArias Giraldo, Ligia María
942 _cLIBRO
_2ddc
999 _c7112
_d7112